[Event "Riga Tech Open A 2014"]
[Site "Riga LAT"]
[Date "2014.08.18"]
[Round "3.7"]
[White "Argandona Riveiro, Inigo"]
[Black "Aleksandrov, Aleksej"]
[Result "1-0"]
[WhiteTitle "IM"]
[BlackTitle "GM"]
[WhiteElo "2423"]
[BlackElo "2595"]
[WhiteFideId "2212072"]
[BlackFideId "13500139"]
[EventDate "2014.08.16"]

1. e4 e5 2. Nf3 Nc6 3. Be2 Nf6 4. d3 d5 5. exd5 Nxd5 6. O-O Be7 7. Re1 O-O 8.
Bf1 Bf6 9. Nbd2 Re8 10. c3 g6 11. Qb3 Bg7 12. Ne4 b6 13. Bg5 Na5 14. Bxd8 Nxb3
15. axb3 Rxd8 16. Ned2 f6 17. d4 exd4 18. Nxd4 Bb7 19. Bb5 a6 20. Bc6 Bxc6 21.
Nxc6 Rd6 22. Nd4 c5 23. Nc4 Rd7 24. Nf3 Bh6 25. Re6 Rad8 26. Rae1 b5 27. Na5 Nf4
28. Rxf6 Nd3 29. Rf1 Re8 30. Rxa6 Re2 31. Ra8+ Kg7 32. Rd1 Rxb2 33. g4 Bf4 34.
c4 bxc4 35. bxc4 Rd6 36. Ra7+ Kh6 37. Nb7 Rd7 38. Nxc5 Rxa7 39. Nxd3 Rb3 40. Nd4
Rxd3 41. Rxd3 Kg5 42. h3 Kf6 43. Nf3 Ra1+ 44. Kg2 Rc1 45. Rd4 Bb8 46. Re4 Rc2
47. Re6+ Kxe6 48. Nd4+ Kd6 49. Nxc2 Kc5 50. Ne3 Kd4 51. Kf3 Bd6 52. g5 Bf8 53.
h4 Kd3 54. Kf4 Bd6+ 55. Kg4 Bc5 56. h5 gxh5+ 57. Kxh5 Bf8 58. Nd5 Kxc4 59. Nf6
Kd3 60. Nxh7 Bg7 1-0

[Event "Riga Tech Open A 2014"]
[Site "Riga LAT"]
[Date "2014.08.18"]
[Round "3.8"]
[White "Steinberg, Nitzan"]
[Black "Bok, Benjamin"]
[Result "0-1"]
[WhiteTitle "IM"]
[BlackTitle "GM"]
[WhiteElo "2420"]
[BlackElo "2587"]
[WhiteFideId "2801795"]
[BlackFideId "1017063"]
[EventDate "2014.08.16"]

1. e4 c5 2. Nf3 e6 3. d4 cxd4 4. Nxd4 Nc6 5. Nc3 Qc7 6. Be2 Nf6 7. Be3 Be7 8.
O-O O-O 9. f4 d6 10. Kh1 Nxd4 11. Qxd4 b6 12. Qd3 Bb7 13. Bf3 Rac8 14. a4 Rfd8
15. a5 bxa5 16. Qb5 d5 17. e5 a6 18. Qxa5 Qxa5 19. Rxa5 Ne4 20. Bxe4 dxe4 21.
Ra4 Bc5 22. Bxc5 Rxc5 23. Rb4 Bc6 24. Rd1 Rxd1+ 25. Nxd1 g5 26. c4 gxf4 27. Nc3
e3 28. Kg1 f3 29. gxf3 Bxf3 30. Kf1 Rxe5 31. Rb8+ Kg7 32. b4 Rh5 0-1

[Event "Riga Tech Open A 2014"]
[Site "Riga LAT"]
[Date "2014.08.18"]
[Round "3.9"]
[White "Naroditsky, Daniel"]
[Black "Petrov, Nikita"]
[Result "1-0"]
[WhiteTitle "GM"]
[BlackTitle "FM"]
[WhiteElo "2587"]
[BlackElo "2418"]
[WhiteFideId "2026961"]
[BlackFideId "4101286"]
[EventDate "2014.08.16"]

1. Nf3 d5 2. g3 Nf6 3. Bg2 g6 4. O-O Bg7 5. d3 O-O 6. c3 Nc6 7. Nbd2 e5 8. e4
dxe4 9. dxe4 Be6 10. Qe2 a5 11. Nc4 Ne8 12. Rd1 Qc8 13. a4 f6 14. b3 Rf7 15. Ba3
Rd7 16. Qc2 Bf8 17. Bxf8 Kxf8 18. Ne3 Qd8 19. Bf1 Rxd1 20. Rxd1 Qe7 21. Bc4 Rd8
22. Bxe6 Rxd1+ 23. Qxd1 Qxe6 24. Nd2 Qd7 25. Qe2 Ne7 26. Ndc4 b6 27. h4 Kg7 28.
g4 Qe6 29. Qd3 Kf7 30. f3 Qc6 31. g5 Qe6 32. Ng4 Nc6 33. Qd5 Ke7 34. Nce3 f5 35.
exf5 gxf5 36. Nxf5+ Qxf5 37. Qxc6 Qb1+ 38. Kg2 Qc2+ 39. Kg3 Qxb3 40. Nf6 Nxf6
41. Qxf6+ Kd7 42. Qf5+ Kd6 43. Qd3+ Kc6 44. Qe4+ Kd6 45. Qxh7 Qxa4 46. Qh6+ Kd5
47. g6 Qd1 48. g7 Qg1+ 49. Kh3 Qh1+ 50. Kg4 Qg2+ 51. Kh5 Qxf3+ 52. Kg6 Qe4+ 53.
Kf7 Qf5+ 54. Ke7 Qc8 55. c4+ 1-0

[Event "Riga Tech Open A 2014"]
[Site "Riga LAT"]
[Date "2014.08.18"]
[Round "3.10"]
[White "Rausis, Igors"]
[Black "Loetscher, Roland"]
[Result "1/2-1/2"]
[WhiteTitle "GM"]
[BlackTitle "FM"]
[WhiteElo "2578"]
[BlackElo "2414"]
[WhiteFideId "11600098"]
[BlackFideId "1305239"]
[EventDate "2014.08.16"]

1. Nf3 d5 2. d4 Nf6 3. c4 c6 4. Nc3 e6 5. Bg5 h6 6. Bxf6 Qxf6 7. Qb3 dxc4 8.
Qxc4 Nd7 9. Rd1 Qe7 10. g3 Qb4 11. Qxb4 Bxb4 12. a3 Be7 13. Bg2 O-O 14. O-O Rd8
15. Rc1 Nb6 16. Rfd1 Bd7 17. Nd2 Rac8 18. Nb3 Nd5 19. Ne4 Be8 20. Nbc5 b6 21.
Nd3 Nf6 22. e3 Nxe4 23. Bxe4 c5 24. dxc5 Bxc5 25. Nxc5 Rxd1+ 26. Rxd1 Rxc5 27.
Rd8 Kf8 28. b4 Rc7 29. g4 1/2-1/2

[Event "Riga Tech Open A 2014"]
[Site "Riga LAT"]
[Date "2014.08.18"]
[Round "3.11"]
[White "Khatoev, Eduard"]
[Black "Golod, Vitali"]
[Result "1/2-1/2"]
[WhiteTitle "FM"]
[BlackTitle "GM"]
[WhiteElo "2417"]
[BlackElo "2574"]
[WhiteFideId "24145076"]
[BlackFideId "2804140"]
[EventDate "2014.08.16"]

1. Nf3 d5 2. d4 Nf6 3. c4 e6 4. e3 a6 5. Nc3 c5 6. cxd5 exd5 7. Be2 Nc6 8. O-O
cxd4 9. Nxd4 Bd6 10. b3 O-O 11. Bb2 Qe7 12. Nxc6 bxc6 13. Rc1 Bb7 14. Bf3 Rfd8
15. Na4 Ne4 16. Qd4 f6 17. Bxe4 Qxe4 18. Qxe4 dxe4 19. Bd4 a5 20. Bb6 Re8 21.
Rfd1 Ba3 22. Rc2 Bb4 23. Rd7 Ba6 24. Nc5 Bc8 25. Rd6 a4 26. bxa4 Rxa4 27. Nxa4
Bxd6 28. Rxc6 Bf8 29. Nc5 Bxc5 30. Bxc5 Be6 31. a3 Rc8 32. Rxe6 Rxc5 33. g4 Ra5
34. Rxe4 Rxa3 35. h4 Ra5 36. Kg2 h5 37. gxh5 Rxh5 38. Kg3 Kf7 39. Rg4 Ra5 40. e4
Ra3+ 41. f3 Ra2 42. Rf4 Ra1 43. Rf5 Rg1+ 44. Kf2 Rh1 45. Kg3 Rg1+ 46. Kh2 Rf1
47. Kg2 Ra1 48. Rb5 Kg6 49. h5+ Kh6 50. Kg3 Rg1+ 51. Kf4 Rh1 52. Rb8 Rh4+ 53.
Kg3 Rxh5 54. Rh8+ Kg6 55. Rxh5 1/2-1/2

[Event "Riga Tech Open A 2014"]
[Site "Riga LAT"]
[Date "2014.08.18"]
[Round "3.12"]
[White "Neiksans, Arturs"]
[Black "Ben Artzi, Ido"]
[Result "1-0"]
[WhiteTitle "GM"]
[BlackTitle "FM"]
[WhiteElo "2572"]
[BlackElo "2395"]
[WhiteFideId "11601388"]
[BlackFideId "2810913"]
[EventDate "2014.08.16"]

1. Nf3 g6 2. g3 Bg7 3. Bg2 d5 4. d4 Nf6 5. c4 dxc4 6. Na3 c3 7. bxc3 O-O 8. O-O
c5 9. e3 Bf5 10. Nc4 Nc6 11. Ba3 Ne4 12. Rc1 b5 13. Nfd2 bxc4 14. Nxe4 cxd4 15.
Qa4 Na5 16. Bb4 Nb7 17. cxd4 Qc7 18. Qa6 Rac8 19. Rc3 Rfd8 20. Rfc1 Bxe4 21.
Bxe4 Nd6 22. Bd5 Qb8 23. Ba5 Re8 24. Bc6 e5 25. Bxe8 exd4 26. Bd7 dxc3 27. Bxc8
Nxc8 28. Bxc3 Bxc3 29. Qxc4 1-0

[Event "Riga Tech Open A 2014"]
[Site "Riga LAT"]
[Date "2014.08.18"]
[Round "3.13"]
[White "Wallis, Christopher"]
[Black "Kulaots, Kaido"]
[Result "0-1"]
[WhiteTitle "FM"]
[BlackTitle "GM"]
[WhiteElo "2348"]
[BlackElo "2567"]
[WhiteFideId "3204839"]
[BlackFideId "4500261"]
[EventDate "2014.08.16"]

1. d4 Nf6 2. c4 e6 3. Nc3 Bb4 4. e3 O-O 5. Bd3 d5 6. Nf3 c5 7. O-O dxc4 8. Bxc4
Qe7 9. Qe2 Nc6 10. Rd1 Rd8 11. h3 h6 12. Bd3 Bd7 13. a3 Ba5 14. Ne4 cxd4 15.
exd4 Bb6 16. Be3 Be8 17. Nxf6+ Qxf6 18. Be4 Nxd4 19. Nxd4 Bxd4 20. Bxd4 Rxd4 21.
Rxd4 Qxd4 22. Bxb7 Rb8 23. Rd1 Qf6 24. Bf3 Rxb2 25. Qa6 Qe7 26. Qc8 Kf8 27. Rd8
Rb1+ 28. Kh2 Rb6 29. Qa8 Rd6 30. Rb8 Rb6 31. Rc8 Rb2 32. g3 Rxf2+ 33. Kg1 Rb2
34. Kf1 Qd7 35. Be2 Ke7 36. Rc3 Qb7 37. Qxb7+ Rxb7 38. Bf3 Rb1+ 39. Kf2 a5 40.
Ke3 Kd6 41. Rd3+ Ke5 42. Rd8 Bb5 43. Rb8 a4 44. Bd1 Rxd1 45. Rxb5+ Rd5 46. Rb7
f5 47. Ra7 g5 48. Rxa4 Rb5 49. Rb4 Rxb4 50. axb4 0-1

[Event "Riga Tech Open A 2014"]
[Site "Riga LAT"]
[Date "2014.08.18"]
[Round "3.14"]
[White "Percivaldi, Martin"]
[Black "Werle, Jan"]
[Result "1/2-1/2"]
[BlackTitle "GM"]
[WhiteElo "2170"]
[BlackElo "2511"]
[WhiteFideId "1508148"]
[BlackFideId "1006088"]
[EventDate "2014.08.16"]

1. d4 Nf6 2. c4 e6 3. Nf3 b6 4. g3 Ba6 5. Qb3 Be7 6. Bg2 O-O 7. Ne5 c6 8. Nc3
Qc7 9. O-O d6 10. Nf3 Nbd7 11. Qa4 Qb7 12. Nd2 d5 13. b4 b5 14. cxb5 Bxb5 15.
Qb3 a5 16. bxa5 Rxa5 17. a4 Qa7 18. Bb2 Ba6 19. Qc2 Bb7 20. Nb3 Ra6 21. Ba3 Bxa3
22. Rxa3 Ne8 23. Rfa1 Nd6 24. R3a2 Nc4 25. e3 c5 26. Nb5 Qb6 27. dxc5 Nxc5 28.
Nxc5 Qxc5 29. Na3 Bc6 30. Nxc4 dxc4 31. Bxc6 Qxc6 32. a5 Rc8 33. Qc3 h5 34. h4
Rd8 35. Ra4 Rc8 36. R4a3 Qd5 37. Rc1 Qb5 38. Rca1 Rc5 39. Ra4 Qc6 40. R4a3 e5
41. Rb1 Qe4 42. Rc1 Qc6 43. Rb1 Qd5 44. Rba1 Qc6 45. Rb1 Qa8 46. Rba1 Kh7 47.
Qc2+ g6 48. Qc3 Qc6 49. Ra4 Kg7 50. R4a3 Kg8 51. Ra4 Kh7 52. R4a3 Qf3 53. Ra4
Rf6 54. R4a2 Rd6 55. a6 Rcd5 56. Rf1 Rd1 57. Ra1 Rxf1+ 58. Rxf1 Rxa6 59. Qxc4
Rd6 1/2-1/2

[Event "Riga Tech Open A 2014"]
[Site "Riga LAT"]
[Date "2014.08.18"]
[Round "3.15"]
[White "Gavrilov, Alexei1"]
[Black "Fidrilakis, Stavros"]
[Result "1-0"]
[WhiteTitle "GM"]
[WhiteElo "2505"]
[BlackElo "1641"]
[WhiteFideId "4104358"]
[BlackFideId "4277821"]
[EventDate "2014.08.16"]

1. d4 Nf6 2. c4 e6 3. Nf3 Bb4+ 4. Bd2 a5 5. g3 d5 6. Qb3 Nc6 7. Bg2 dxc4 8. Qxc4
Qd5 9. Qxd5 exd5 10. O-O Ne4 11. Bf4 Kd8 12. Rc1 f6 13. a3 Bd6 14. Nc3 Bxf4 15.
gxf4 Be6 16. e3 a4 17. Nxe4 dxe4 18. Nd2 f5 19. Rc5 Na5 20. Rac1 c6 21. Re5 Kd7
22. Bh3 g6 23. Nxe4 Bd5 24. Nf6+ Kd6 25. Nxd5 cxd5 26. Rc5 Nc6 27. Rexd5+ Ke6
28. Bf1 Ne7 29. Re5+ Kd7 30. Rb5 Nc6 31. Rxb7+ Kd6 32. Bg2 Rac8 33. Rd5+ Ke6 34.
Rbd7 1-0

[Event "Riga Tech Open A 2014"]
[Site "Riga LAT"]
[Date "2014.08.18"]
[Round "3.16"]
[White "Savchenko, Boris"]
[Black "Lavendelis, Egons"]
[Result "1-0"]
[WhiteTitle "GM"]
[BlackTitle "FM"]
[WhiteElo "2596"]
[BlackElo "2306"]
[WhiteFideId "4147332"]
[BlackFideId "11601647"]
[EventDate "2014.08.16"]

1. e4 c5 2. Nf3 Nc6 3. d4 cxd4 4. Nxd4 Nf6 5. Nc3 e6 6. Nxc6 bxc6 7. e5 Nd5 8.
Ne4 f5 9. exf6 Nxf6 10. Nd6+ Bxd6 11. Qxd6 Qe7 12. Bf4 Qxd6 13. Bxd6 Ne4 14. Be5
O-O 15. f3 Ng5 16. Bd6 Re8 17. c4 Nf7 18. Bc7 d5 19. cxd5 exd5+ 20. Kd2 Bf5 21.
Ba6 Re7 22. Bg3 c5 23. Rhe1 Rd7 24. Rac1 c4 25. Bb5 Rdd8 26. Bc7 Rf8 27. Bc6
Rac8 28. Re7 Be6 29. Re1 Nd8 30. R1xe6 Nxe6 31. Bxd5 Rcd8 32. Bxd8 Rxd8 33. Rxe6
Rxd5+ 34. Kc3 Rd1 35. Re2 Rc1+ 36. Rc2 Rh1 37. h3 Kf7 38. Kxc4 Ke6 39. Kb5 Kd5
40. Rd2+ Ke5 41. Ka6 Kf4 42. Re2 1-0

[Event "Riga Tech Open A 2014"]
[Site "Riga LAT"]
[Date "2014.08.18"]
[Round "3.17"]
[White "Jerez Perez, Alfonso"]
[Black "Banusz, Tamas"]
[Result "0-1"]
[WhiteTitle "IM"]
[BlackTitle "GM"]
[WhiteElo "2393"]
[BlackElo "2585"]
[WhiteFideId "2204100"]
[BlackFideId "722413"]
[EventDate "2014.08.16"]

1. e4 c5 2. Nf3 e6 3. c3 Nf6 4. e5 Nd5 5. d4 cxd4 6. cxd4 d6 7. Bc4 Be7 8. O-O
O-O 9. Qe2 b6 10. Bxd5 exd5 11. Rd1 Be6 12. Nc3 Nc6 13. Bf4 dxe5 14. Nxe5 Rc8
15. Qf3 Na5 16. Rac1 f6 17. Nd3 Qd7 18. h3 Rfd8 19. Re1 Bf8 20. Ne2 Bf7 21. Rxc8
Rxc8 22. Rc1 Qf5 23. Rxc8 Qxc8 24. Nc3 Qc4 25. Ne1 Qb4 26. b3 Nc6 27. Qd3 Qxd4
28. Qxd4 Nxd4 29. Be3 Nf5 30. Nc2 Bd6 31. Nd4 Nxe3 32. fxe3 a6 33. Kf2 Kf8 34.
Kf3 Ke8 35. g4 Kd7 36. Nce2 Bf8 37. Nf4 Bc5 38. Nfe2 Bg6 39. Nc3 Kd6 40. Ke2 Bb4
41. Na4 b5 42. Nb2 Bc3 43. Nd1 Bxd4 44. exd4 b4 45. Kd2 h5 46. Ne3 Ke6 47. Ng2
hxg4 48. hxg4 Be4 49. Nf4+ Kf7 50. Ke3 g5 51. Nh3 Bb1 52. Kd2 Kg6 53. Nf2 f5 54.
Kc1 Be4 55. Kd2 fxg4 56. Nxg4 Kf5 57. Ne5 Kf4 58. Nc6 Kg3 59. Nxb4 g4 60. Nc6
Kh3 61. Nd8 Bf5 62. Nf7 g3 63. Ke3 Be4 0-1

[Event "Riga Tech Open A 2014"]
[Site "Riga LAT"]
[Date "2014.08.18"]
[Round "3.18"]
[White "Yemelin, Vasily"]
[Black "Fruebing, Stefan"]
[Result "1-0"]
[WhiteTitle "GM"]
[BlackTitle "FM"]
[WhiteElo "2573"]
[BlackElo "2383"]
[WhiteFideId "4113217"]
[BlackFideId "4682165"]
[EventDate "2014.08.16"]

1. d4 Nf6 2. c4 g6 3. Nc3 Bg7 4. e4 d6 5. h3 O-O 6. Bg5 c5 7. d5 e6 8. Bd3 exd5
9. cxd5 Re8 10. Nge2 Qa5 11. Qd2 a6 12. O-O b5 13. a3 Nbd7 14. b4 Qc7 15. f4 Bb7
16. Rac1 a5 17. Kh1 axb4 18. axb4 Qb6 19. Rb1 Ra3 20. Bxb5 cxb4 21. Rxb4 Qa5 22.
Bxd7 Qxb4 23. Bxf6 Bxf6 24. Rb1 Bxc3 25. Nxc3 Qxc3 26. Qxc3 Rxc3 27. Bxe8 Rc7
28. Rb6 Kf8 29. Bb5 Ke7 30. e5 Rc1+ 31. Kh2 Bxd5 32. exd6+ Kd8 33. d7 Kc7 34.
Rb8 1-0

[Event "Riga Tech Open A 2014"]
[Site "Riga LAT"]
[Date "2014.08.19"]
[Round "4.1"]
[White "Naroditsky, Daniel"]
[Black "Rapport, Richard"]
[Result "1/2-1/2"]
[WhiteTitle "GM"]
[BlackTitle "GM"]
[WhiteElo "2587"]
[BlackElo "2704"]
[WhiteFideId "2026961"]
[BlackFideId "738590"]
[EventDate "2014.08.16"]

1. e4 c5 2. Nf3 a6 3. c3 e6 4. d4 d5 5. Nbd2 Nc6 6. Bd3 cxd4 7. cxd4 dxe4 8.
Nxe4 Bb4+ 9. Nc3 Nf6 10. O-O O-O 11. Bg5 Be7 12. Rc1 Nd5 13. Bxe7 Ncxe7 14. Ne5
Bd7 15. Be4 Bc6 16. Nxc6 bxc6 17. Na4 Qd6 18. Nc5 Rfb8 19. b3 a5 20. g3 Nf6 21.
Rc4 Rb4 22. Qd3 Rab8 23. Rfc1 Rxc4 24. Rxc4 Rb4 25. Rxb4 axb4 26. Qc4 g5 27. Kf1
h6 28. Bg2 Ned5 29. Nd3 Kg7 30. Ne5 c5 31. Bxd5 Nxd5 32. Nd3 cxd4 33. Qxd4+ f6
34. Kg1 h5 35. h4 e5 36. Qa7+ Kg6 37. hxg5 fxg5 38. Qa4 Kf5 39. Qe8 Nf6 40. Qc8+
Kg6 41. Qc2 e4 42. Nb2 Qd4 43. Nc4 h4 44. gxh4 gxh4 45. Qc1 Nd5 46. a3 bxa3 47.
Qxa3 Qd1+ 48. Kh2 Nf6 49. Qd6 Qxb3 50. Qe6 Qc3 51. Nd6 Qe5+ 1/2-1/2

[Event "Riga Tech Open A 2014"]
[Site "Riga LAT"]
[Date "2014.08.19"]
[Round "4.2"]
[White "Melkumyan, Hrant"]
[Black "Neiksans, Arturs"]
[Result "1-0"]
[WhiteTitle "GM"]
[BlackTitle "GM"]
[WhiteElo "2655"]
[BlackElo "2572"]
[WhiteFideId "13302485"]
[BlackFideId "11601388"]
[EventDate "2014.08.16"]

1. d4 Nf6 2. c4 e6 3. g3 Bb4+ 4. Bd2 Bxd2+ 5. Qxd2 O-O 6. Bg2 d5 7. Nf3 Nbd7 8.
O-O c6 9. Rc1 Qe7 10. Qf4 b6 11. Nbd2 Ba6 12. e4 Nxe4 13. Nxe4 dxe4 14. Qxe4 c5
15. a3 Rac8 16. Qe3 Qf6 17. b3 Rfd8 18. Rd1 Bb7 19. Ng5 cxd4 20. Rxd4 Nc5 21.
Rad1 Rxd4 22. Rxd4 Bxg2 23. Kxg2 Rd8 24. Rxd8+ Qxd8 25. b4 Nd3 26. Qe4 g6 27. h4
a5 28. Qb7 Ne5 29. c5 axb4 30. axb4 bxc5 31. bxc5 Qd5+ 32. Qxd5 exd5 33. Nf3 Nc6
34. g4 f6 35. Kg3 Kf7 36. Kf4 h6 37. Ke3 h5 38. gxh5 gxh5 39. Nd4 Ne5 40. Nf5
Nc6 41. Kd3 Kg6 42. Nd4 Ne5+ 43. Kc3 Kf7 44. Kb4 Ke7 45. Kb5 Kd7 46. f4 Ng6 47.
c6+ Kc8 48. f5 Ne7 49. Kb6 Kb8 50. Nb5 Kc8 51. Na7+ Kd8 52. c7+ Kd7 53. Kb7 d4
54. Nc6 Nc8 55. Nb8+ Ke7 56. Kxc8 d3 57. Kb7 1-0

[Event "Riga Tech Open A 2014"]
[Site "Riga LAT"]
[Date "2014.08.19"]
[Round "4.3"]
[White "Kulaots, Kaido"]
[Black "Iturrizaga Bonelli, Eduardo"]
[Result "0-1"]
[WhiteTitle "GM"]
[BlackTitle "GM"]
[WhiteElo "2567"]
[BlackElo "2653"]
[WhiteFideId "4500261"]
[BlackFideId "3901211"]
[EventDate "2014.08.16"]

1. e4 c5 2. Nf3 e6 3. d4 cxd4 4. Nxd4 Nc6 5. Nc3 Qc7 6. g3 a6 7. Bg2 Nge7 8.
Nde2 Ng6 9. b3 b5 10. Bb2 Bc5 11. O-O Bb7 12. Qd2 O-O 13. Kh1 Nce7 14. Rad1 Rad8
15. Qg5 f6 16. Qh5 f5 17. Qh3 b4 18. Na4 Bxe4 19. Bxe4 fxe4 20. Nxc5 Qxc5 21.
Rxd7 Rxd7 22. Qxe6+ Rf7 23. Qxd7 Qxc2 24. Qd8+ Nf8 0-1

[Event "Riga Tech Open A 2014"]
[Site "Riga LAT"]
[Date "2014.08.19"]
[Round "4.4"]
[White "Kovalenko, Igor"]
[Black "Gavrilov, Alexei1"]
[Result "1-0"]
[WhiteTitle "GM"]
[BlackTitle "GM"]
[WhiteElo "2650"]
[BlackElo "2505"]
[WhiteFideId "14117908"]
[BlackFideId "4104358"]
[EventDate "2014.08.16"]

1. c4 e5 2. g3 Nf6 3. Bg2 c6 4. d4 Bb4+ 5. Nc3 d6 6. Nf3 Qe7 7. Qb3 Na6 8. O-O
O-O 9. Rd1 h6 10. a3 Ba5 11. c5 exd4 12. cxd6 Qxd6 13. Bf4 Qe7 14. Nxd4 Bc7 15.
Bxc7 Nxc7 16. e4 Rd8 17. h3 Ne6 18. Nf5 Qc7 19. Qb4 Rd7 20. Rac1 Qb6 21. Nd6
Qxb4 22. axb4 Kf8 23. b5 Ne8 24. e5 Nd8 25. f4 Nxd6 26. exd6 cxb5 27. Ne4 Rb8
28. Nc5 Ne6 29. Nxd7+ Bxd7 30. f5 Nd8 31. g4 Bc6 32. Rc5 f6 33. Re1 a6 34. d7
Bxd7 35. Rc7 Be8 36. Ree7 Bf7 37. b4 b6 38. Red7 a5 39. Bd5 Bxd5 40. Rxd5 axb4
41. Rxb5 Nf7 42. Rxb4 h5 43. Kg2 Ra8 44. Rxb6 hxg4 45. hxg4 Ne5 46. Rbb7 Rd8 47.
Rxg7 Rd2+ 48. Kg3 Rd3+ 49. Kf2 Rd2+ 50. Ke3 Nc4+ 51. Kf3 Ne5+ 52. Ke4 Rc2 53.
Kd5 1-0

[Event "Riga Tech Open A 2014"]
[Site "Riga LAT"]
[Date "2014.08.19"]
[Round "4.5"]
[White "Bok, Benjamin"]
[Black "Argandona Riveiro, Inigo"]
[Result "0-1"]
[WhiteTitle "GM"]
[BlackTitle "IM"]
[WhiteElo "2587"]
[BlackElo "2423"]
[WhiteFideId "1017063"]
[BlackFideId "2212072"]
[EventDate "2014.08.16"]

1. e4 d6 2. d4 Nf6 3. Nc3 e5 4. Nf3 Nbd7 5. Bc4 Be7 6. a4 O-O 7. O-O c6 8. Re1
b6 9. Bg5 a6 10. d5 c5 11. Nd2 Ne8 12. Bxe7 Qxe7 13. Bf1 g6 14. Nc4 Rb8 15. Qd2
f5 16. exf5 gxf5 17. f4 e4 18. Nd1 Ndf6 19. Nde3 Qf7 20. Reb1 b5 21. axb5 axb5
22. Na5 Nc7 23. Nc6 Rb7 24. c4 b4 25. Ra5 Nh5 26. g3 Qg7 27. Bg2 Qf6 28. Rba1
Rf7 29. Ra7 Ng7 30. Qe2 h6 31. Kh1 Rxa7 32. Rxa7 Nce8 33. Ra8 Rc7 34. g4 fxg4
35. Rxc8 Rxc8 36. Nxg4 Qh4 37. Bxe4 Nh5 38. Qe3 Ra8 39. Bf3 Kf8 40. Kg2 Ra2 41.
Qe4 Rxb2+ 42. Kf1 Ra2 43. Qf5+ Nhf6 44. Nce5 dxe5 45. fxe5 h5 46. exf6 hxg4 0-1

[Event "Riga Tech Open A 2014"]
[Site "Riga LAT"]
[Date "2014.08.19"]
[Round "4.6"]
[White "Pileckis, Emilis"]
[Black "Fridman, Daniel"]
[Result "1/2-1/2"]
[WhiteTitle "IM"]
[BlackTitle "GM"]
[WhiteElo "2447"]
[BlackElo "2639"]
[WhiteFideId "12802476"]
[BlackFideId "11600454"]
[EventDate "2014.08.16"]

1. Nf3 Nf6 2. c4 e6 3. Nc3 d5 4. d4 c5 5. e3 cxd4 6. exd4 Bb4 7. Bd3 dxc4 8.
Bxc4 O-O 9. O-O Bxc3 10. bxc3 Qc7 11. Qd3 Nbd7 12. Bg5 b6 13. Bh4 Nh5 14. Bb3
Bb7 15. Rac1 Rac8 16. Rfe1 h6 17. Qe3 Qf4 18. Be7 Rfe8 19. Ba3 b5 20. Nd2 Ndf6
21. Bd1 Nd5 22. Qd3 Nhf6 23. g3 Qc7 24. Bf3 Qa5 25. Bb4 Qa6 26. Bc5 Nd7 27. Ne4
Red8 28. Rb1 Ba8 29. a4 Qxa4 30. Ra1 Qc4 31. Qxc4 bxc4 32. Rxa7 Nxc5 33. dxc5 f5
34. Nd6 Rxc5 35. Nf7 Rdc8 36. Nd6 Rb8 37. Kg2 f4 38. Rxe6 Ne3+ 39. fxe3 Rb2+ 40.
Kf1 Bxf3 41. Rg6 Kh8 42. Raxg7 Bd5 43. Nf5 Rc6 44. exf4 Rxh2 45. Rxc6 Bxc6 46.
Rg6 Bd7 47. Ne3 Kh7 48. Rd6 Bh3+ 49. Ke1 Rh1+ 50. Ke2 Rc1 51. Nd5 Kg7 52. Kf3
Rc2 53. Ne3 Rxc3 54. Rc6 Bg2+ 55. Kxg2 Rxe3 56. Rxc4 Re1 57. Kh3 Re7 58. Kg4 Rf7
59. Rc5 Kg6 60. f5+ Kh7 61. Kh5 Rg7 62. g4 Rg5+ 63. Kh4 Kg7 64. Rc7+ Kg8 65. Rb7
Kh8 66. Ra7 Kg8 67. Rc7 Kh8 68. Rc6 Kg7 69. Rd6 Kh7 70. Rd5 Kg7 71. Rb5 Kh7 72.
Rb4 Kg7 73. Rb7+ Kg8 74. Ra7 Kh8 75. Kg3 h5 76. Kf4 Rxg4+ 77. Ke5 Rb4 78. Ke6
Rb6+ 79. Kf7 Kh7 80. f6 Rb8 81. Ke6+ Kg8 82. Rg7+ Kf8 83. Rf7+ Kg8 84. Rd7 Kf8
85. Rh7 Rb6+ 86. Kf5 Rb1 87. Rxh5 1/2-1/2

[Event "Riga Tech Open A 2014"]
[Site "Riga LAT"]
[Date "2014.08.19"]
[Round "4.7"]
[White "Goganov, Aleksey"]
[Black "Molner, Mackenzie"]
[Result "1/2-1/2"]
[WhiteTitle "GM"]
[BlackTitle "GM"]
[WhiteElo "2604"]
[BlackElo "2509"]
[WhiteFideId "24109959"]
[BlackFideId "2021722"]
[EventDate "2014.08.16"]

1. Nf3 c5 2. c4 Nf6 3. b3 d5 4. cxd5 Nxd5 5. Bb2 Nc6 6. Nc3 Bg4 7. e3 e6 8. Be2
Be7 9. O-O O-O 10. a3 Rc8 11. Ne4 Bf5 12. d3 Bg6 13. Rc1 b6 14. Rc2 f5 15. Ned2
Bf6 16. Qa1 Bxb2 17. Qxb2 f4 18. e4 Nc7 19. d4 Nxd4 20. Nxd4 cxd4 21. Rfc1 d3
22. Bxd3 Qxd3 23. Rxc7 Rxc7 24. Rxc7 Rf7 25. Rc8+ Rf8 26. Qc1 Bxe4 27. Rxf8+
Kxf8 28. Qc8+ Kf7 29. Qc7+ Kg6 30. Qxf4 Bd5 31. Qg4+ Kf6 32. Qf4+ Kg6 33. Qg4+
Kf6 34. Qf4+ Kg6 35. Qg4+ 1/2-1/2

[Event "Riga Tech Open A 2014"]
[Site "Riga LAT"]
[Date "2014.08.19"]
[Round "4.8"]
[White "Vavulin, Maksim"]
[Black "Savchenko, Boris"]
[Result "0-1"]
[WhiteTitle "IM"]
[BlackTitle "GM"]
[WhiteElo "2425"]
[BlackElo "2596"]
[WhiteFideId "4169530"]
[BlackFideId "4147332"]
[EventDate "2014.08.16"]

1. e4 e6 2. d4 d5 3. Nd2 c5 4. Ngf3 Nf6 5. exd5 exd5 6. Bb5+ Bd7 7. Bxd7+ Nbxd7
8. O-O Be7 9. dxc5 Nxc5 10. Nd4 O-O 11. Nf5 Re8 12. Nxe7+ Qxe7 13. Nf3 Nce4 14.
Be3 Qb4 15. Bd4 Nd7 16. Re1 Ndc5 17. Rb1 h6 18. c3 Qc4 19. Ne5 Rxe5 20. Bxe5 Nd3
21. b3 Qa6 22. Re3 Nxe5 23. Qxd5 Ng4 24. Rxe4 Nf6 25. Qd4 Nxe4 26. Qxe4 Qxa2 27.
b4 Rc8 28. Rf1 b6 29. Qe3 Qb2 30. Rc1 a5 31. bxa5 bxa5 32. c4 a4 33. Qc3 a3 34.
Kf1 Rb8 35. Qxb2 Rxb2 0-1

[Event "Riga Tech Open A 2014"]
[Site "Riga LAT"]
[Date "2014.08.19"]
[Round "4.9"]
[White "Banusz, Tamas"]
[Black "Biolek, Richard Jr."]
[Result "1-0"]
[WhiteTitle "GM"]
[BlackTitle "IM"]
[WhiteElo "2585"]
[BlackElo "2438"]
[WhiteFideId "722413"]
[BlackFideId "319996"]
[EventDate "2014.08.16"]

1. Nf3 Nf6 2. c4 g6 3. g3 Bg7 4. Bg2 O-O 5. O-O d6 6. d4 Nbd7 7. Nc3 e5 8. e4 c6
9. h3 Qb6 10. d5 Nc5 11. Qe2 cxd5 12. cxd5 Bd7 13. Be3 Rfc8 14. Rfc1 a5 15. Nd2
a4 16. b3 Qa6 17. Qxa6 Rxa6 18. Nxa4 Nxa4 19. Rxc8+ Bxc8 20. bxa4 Rxa4 21. Rc1
Bd7 22. Nc4 Ra6 23. Nb6 h6 24. a4 Bxa4 25. Bf1 Rxb6 26. Bxb6 Bd7 27. Rc7 1-0